Statistics for Vintage Brand Logo Quiz #2

Click here to take the quiz!

General Stats

  • This quiz has been taken 27 times
  • The average score is 10 of 16

Answer Stats

Answer% Correct
Taco Bell
100%
General Electric
92%
Instagram
92%
Google Chrome
88%
Volkswagen
83%
Burger King
79%
Starbucks
79%
Nestle
71%
HBO
63%
Music Television
58%
Porsche
50%
Baskin-Robbins
42%
Firefox
29%
Barclays
13%
Procter & Gamble
13%
Vans
4%

Score Distribution

Percentile by Number Answered

Percent of People with Each Score

Your Score History

You have not taken this quiz